[Event "FIDE Open World Blitz 2021"]
[Site "Warsaw"]
[Date "2021.12.29"]
[Round "1.20"]
[White "Vastrukhin, Oleg"]
[Black "Kosakowski, Jakub"]
[Result "1-0"]
[WhiteElo "2588"]
[BlackElo "2340"]
[Annotator "ChessBase"]
[PlyCount "113"]
[EventDate "2021.12.29"]
[EventType "swiss"]
[EventCountry "POL"]
[Tiebreak "Cut1 Buchholz"]
[SourceTitle "playchess.com"]
[Source "ChessBase"]
[SourceQuality "1"]

1. Nf3 Nf6 2. g3 b5 3. Bg2 Bb7 4. O-O e6 5. d3 c5 6. e4 d6 7. a4 bxa4 8. Nbd2
Be7 9. Nc4 O-O 10. e5 dxe5 11. Nfxe5 Nd5 12. Rxa4 Nd7 13. Re1 Nxe5 14. Nxe5 Qc8
15. h4 Nb6 16. Ra1 Bxg2 17. Kxg2 Bf6 18. Ng4 Be7 19. Bd2 c4 20. dxc4 Nxc4 21.
Bc3 Qc6+ 22. Qf3 Qxf3+ 23. Kxf3 Rfc8 24. Ne3 Nd6 25. Ra4 Nb5 26. Bd2 Bf6 27. c3
Rab8 28. Ng4 Be7 29. Rea1 Nd6 30. Bc1 Nb5 31. h5 h6 32. Ne5 Bf6 33. Nd7 Rb7 34.
Nxf6+ gxf6 35. Bxh6 Nd6 36. Bc1 Rcc7 37. R1a2 Nc4 38. Ke2 Ne5 39. Bf4 Rd7 40.
Bxe5 fxe5 41. b4 Rbc7 42. Rd2 Re7 43. Kd3 Kg7 44. Kc2 Rc4 45. Kb3 Rec7 46. Rc2
Kh6 47. Rxa7 Rxb4+ 48. cxb4 Rxa7 49. b5 Kxh5 50. Kb4 Kg4 51. b6 Ra8 52. Rc3 f5
53. Kb5 f4 54. b7 Rb8 55. Kb6 e4 56. gxf4 Kxf4 57. Kc7 1-0

[Event "FIDE Open World Blitz 2021"]
[Site "Warsaw"]
[Date "2021.12.29"]
[Round "1.21"]
[White "Schneider, Ilja"]
[Black "Shevchenko, Kirill"]
[Result "0-1"]
[WhiteElo "2486"]
[BlackElo "2647"]
[Annotator "ChessBase"]
[PlyCount "48"]
[EventDate "2021.12.29"]
[EventType "swiss"]
[EventCountry "POL"]
[Tiebreak "Cut1 Buchholz"]
[SourceTitle "playchess.com"]
[Source "ChessBase"]
[SourceQuality "1"]

1. e4 c5 2. Nc3 Nc6 3. Bb5 Nd4 4. Nf3 a6 5. Bd3 Nc6 6. O-O e6 7. Nd5 g6 8. Re1
Bg7 9. c3 d6 10. Ne3 Nge7 11. Bc2 e5 12. d3 O-O 13. a3 b5 14. b4 a5 15. Bd2 h6
16. a4 axb4 17. axb5 Rxa1 18. Qxa1 bxc3 19. Bxc3 Nd4 20. Nxd4 exd4 21. Ba5 Qd7
22. Nc4 Qxb5 23. Nxd6 Qa6 24. Bd2 Qxd6 0-1

[Event "FIDE Open World Blitz 2021"]
[Site "Warsaw"]
[Date "2021.12.29"]
[Round "1.21"]
[White "Dudin, Gleb"]
[Black "Antipov, Mikhail Al."]
[Result "1-0"]
[WhiteElo "2339"]
[BlackElo "2587"]
[Annotator "ChessBase"]
[PlyCount "87"]
[EventDate "2021.12.29"]
[EventType "swiss"]
[EventCountry "POL"]
[Tiebreak "Cut1 Buchholz"]
[SourceTitle "playchess.com"]
[Source "ChessBase"]
[SourceQuality "1"]

1. d4 Nf6 2. c4 g6 3. Nc3 d5 4. Nf3 Bg7 5. cxd5 Nxd5 6. e4 Nxc3 7. bxc3 c5 8.
Be3 Qa5 9. Qd2 Nc6 10. Rb1 a6 11. Rc1 cxd4 12. cxd4 Qxd2+ 13. Kxd2 e6 14. Bd3
O-O 15. h4 h6 16. h5 g5 17. e5 Rd8 18. Nxg5 Nxd4 19. Ne4 Bxe5 20. Bxh6 f5 21.
Nc5 Rd6 22. Rhe1 Nc6 23. Ke2 b6 24. Nb3 Nb4 25. Bb1 Bf6 26. Nd2 Bd7 27. Nc4 Rc6
28. Bf4 Rxc4 29. Rxc4 Bb5 30. Rec1 Bb2 31. Kf3 Bxc1 32. Rxc1 Nc6 33. Rd1 Kf7
34. Rd7+ Kf6 35. Rb7 Nd4+ 36. Ke3 Ne2 37. Bh6 Rg8 38. g3 Nc3 39. Bc2 Bc6 40.
Ra7 a5 41. a3 Nb5 42. Ra6 Nxa3 43. Bd3 Rb8 44. f4 1-0

[Event "FIDE Open World Blitz 2021"]
[Site "Warsaw"]
[Date "2021.12.29"]
[Round "1.22"]
[White "Fedoseev, Vladimir"]
[Black "Postny, Evgeny"]
[Result "1-0"]
[WhiteElo "2704"]
[BlackElo "2557"]
[Annotator "ChessBase"]
[PlyCount "83"]
[EventDate "2021.12.29"]
[EventType "swiss"]
[EventCountry "POL"]
[Tiebreak "Cut1 Buchholz"]
[SourceTitle "playchess.com"]
[Source "ChessBase"]
[SourceQuality "1"]

1. d4 d5 2. Nf3 Nf6 3. Bf4 e6 4. e3 Bd6 5. Ne5 O-O 6. Nd2 b6 7. Bd3 c5 8. c3
Ba6 9. Bc2 Qc7 10. Qf3 Nc6 11. Qg3 cxd4 12. Nxc6 Bxf4 13. Qxf4 Qxc6 14. Qxd4
Qc7 15. Nf3 Rfe8 16. Ne5 Nd7 17. Nxd7 Qxd7 18. O-O-O Qe7 19. e4 dxe4 20. Qxe4
g6 21. h4 h5 22. Qa4 Be2 23. Rd7 Qf6 24. f3 a6 25. Qd4 Qxd4 26. Rxd4 Rad8 27.
Rb4 b5 28. a4 Bc4 29. b3 a5 30. Rxb5 Bxb5 31. axb5 Rd5 32. c4 Rd4 33. Rd1 Rxh4
34. Be4 f5 35. Bc6 Re7 36. b6 a4 37. Rd8+ Kf7 38. Bxa4 Rb7 39. Rd7+ Rxd7 40.
Bxd7 Rh1+ 41. Kc2 Rh2 42. b7 1-0

[Event "FIDE Open World Blitz 2021"]
[Site "Warsaw"]
[Date "2021.12.29"]
[Round "1.22"]
[White "Alonso Rosell, Alvar"]
[Black "Sankalp, Gupta"]
[Result "1-0"]
[WhiteElo "2580"]
[BlackElo "2323"]
[Annotator "ChessBase"]
[PlyCount "51"]
[EventDate "2021.12.29"]
[EventType "swiss"]
[EventCountry "POL"]
[Tiebreak "Cut1 Buchholz"]
[SourceTitle "playchess.com"]
[Source "ChessBase"]
[SourceQuality "1"]

1. d4 d5 2. Bf4 Nf6 3. e3 c5 4. dxc5 e6 5. b4 Bd7 6. Nc3 a5 7. Nb5 Na6 8. a3
Ne4 9. f3 Nf6 10. Nd6+ Bxd6 11. Bxd6 axb4 12. Bxa6 bxa6 13. axb4 Bb5 14. Ne2
Bc4 15. Nd4 Nd7 16. c3 e5 17. Nc6 Qh4+ 18. g3 Qf6 19. Na5 e4 20. Nxc4 dxc4 21.
O-O Qe6 22. b5 Rc8 23. Rxa6 f5 24. Qd4 Nf6 25. Be5 Qe7 26. Rxf6 1-0

[Event "FIDE Open World Blitz 2021"]
[Site "Warsaw"]
[Date "2021.12.29"]
[Round "1.23"]
[White "Van Foreest, Lucas"]
[Black "Heimann, Andreas"]
[Result "1-0"]
[WhiteElo "2532"]
[BlackElo "2584"]
[Annotator "ChessBase"]
[PlyCount "43"]
[EventDate "2021.12.29"]
[EventType "swiss"]
[EventCountry "POL"]
[Tiebreak "Cut1 Buchholz"]
[SourceTitle "playchess.com"]
[Source "ChessBase"]
[SourceQuality "1"]

1. e4 e5 2. Nf3 Nc6 3. d4 exd4 4. Bc4 Nf6 5. e5 d5 6. Bb5 Ne4 7. Nxd4 Bc5 8.
Be3 O-O 9. Nxc6 bxc6 10. Bxc5 Nxc5 11. Bxc6 Rb8 12. Qxd5 Qe7 13. O-O Rxb2 14.
Nc3 Rd8 15. Qf3 Ne6 16. Rad1 Rxc2 17. Be4 Rb2 18. Nd5 Qg5 19. Qa3 Rb8 20. Ne7+
Kh8 21. Rxd8+ Nxd8 22. Nc6 1-0

[Event "FIDE Open World Blitz 2021"]
[Site "Warsaw"]
[Date "2021.12.29"]
[Round "1.23"]
[White "Babazada, Khazar"]
[Black "Gabuzyan, Hovhannes"]
[Result "1/2-1/2"]
[WhiteElo "2302"]
[BlackElo "2580"]
[Annotator "ChessBase"]
[PlyCount "137"]
[EventDate "2021.12.29"]
[EventType "swiss"]
[EventCountry "POL"]
[Tiebreak "Cut1 Buchholz"]
[SourceTitle "playchess.com"]
[Source "ChessBase"]
[SourceQuality "1"]

1. e4 c5 2. Nf3 d6 3. d4 cxd4 4. Nxd4 Nf6 5. Nc3 a6 6. h3 e5 7. Nde2 h5 8. Bg5
Be6 9. Bxf6 Qxf6 10. Nd5 Qd8 11. Qd3 Nd7 12. O-O-O g6 13. Kb1 Bh6 14. f4 Nc5
15. Qf3 exf4 16. Nexf4 O-O 17. Bc4 Qg5 18. Rhf1 Bg7 19. c3 b5 20. Bd3 Rab8 21.
Bc2 a5 22. Qe3 Qe5 23. Nxe6 fxe6 24. Nf4 Kh7 25. Qg3 Rf6 26. Ne2 Rxf1 27. Rxf1
b4 28. Qxe5 Bxe5 29. Kc1 bxc3 30. bxc3 Kg7 31. Nd4 Rc8 32. Kd2 Kh6 33. Rf7 Rb8
34. h4 Rb2 35. Kc1 Rb8 36. Kd2 Bg3 37. Nf3 Rb7 38. Rf8 Kg7 39. Ra8 a4 40. Bxa4
Rb2+ 41. Bc2 Bf4+ 42. Kd1 Kf6 43. Rf8+ Ke7 44. Rxf4 e5 45. Nxe5 dxe5 46. Rf3
Rxa2 47. Rg3 Kf6 48. Rf3+ Kg7 49. Re3 Ra1+ 50. Kd2 Rh1 51. g3 Rh2+ 52. Kc1 Rg2
53. Kb2 Kf6 54. c4 Ne6 55. Kc3 Ke7 56. Ba4 Kd6 57. Kb4 Rb2+ 58. Ka3 Rb6 59. Rf3
Ke7 60. Rf2 Nd4 61. c5 Rb1 62. c6 Rc1 63. Kb4 Nxc6+ 64. Bxc6 Rxc6 65. Rf3 Ke6
66. Kb3 Rc1 67. Re3 Kd6 68. Rf3 Kc5 69. Rc3+ 1/2-1/2

[Event "FIDE Open World Blitz 2021"]
[Site "Warsaw"]
[Date "2021.12.29"]
[Round "1.24"]
[White "Jobava, Baadur"]
[Black "Riazantsev, Alexander"]
[Result "0-1"]
[WhiteElo "2582"]
[BlackElo "2634"]
[Annotator "ChessBase"]
[PlyCount "51"]
[EventDate "2021.12.29"]
[EventType "swiss"]
[EventCountry "POL"]
[Tiebreak "Cut1 Buchholz"]
[SourceTitle "playchess.com"]
[Source "ChessBase"]
[SourceQuality "1"]

1. e4 c6 2. c4 d5 3. exd5 cxd5 4. d4 Nf6 5. Nc3 e6 6. Nf3 Bb4 7. cxd5 Nxd5 8.
Bd2 O-O 9. Bd3 Nc6 10. O-O Be7 11. Re1 Bf6 12. Ne4 Bxd4 13. Nxd4 Nxd4 14. Rc1
e5 15. Ng5 h6 16. Rxe5 Nc6 17. Re1 hxg5 18. Rc5 Be6 19. Qf3 Qf6 20. Qe4 g6 21.
Rxd5 Bxd5 22. Qxd5 Rad8 23. Qb3 Rfe8 24. Rxe8+ Rxe8 25. Qxb7 Rd8 26. Qb3 0-1

[Event "FIDE Open World Blitz 2021"]
[Site "Warsaw"]
[Date "2021.12.29"]
[Round "1.24"]
[White "Oparin, Grigoriy"]
[Black "Szpar, Milosz"]
[Result "1-0"]
[WhiteElo "2580"]
[BlackElo "2285"]
[Annotator "ChessBase"]
[PlyCount "129"]
[EventDate "2021.12.29"]
[EventType "swiss"]
[EventCountry "POL"]
[Tiebreak "Cut1 Buchholz"]
[SourceTitle "playchess.com"]
[Source "ChessBase"]
[SourceQuality "1"]

1. Nf3 c5 2. c4 g6 3. d4 cxd4 4. Nxd4 Bg7 5. e4 Nc6 6. Be3 Nf6 7. Nc3 O-O 8.
Be2 d6 9. Qd2 Bd7 10. f3 Nxd4 11. Bxd4 Bc6 12. b3 Qa5 13. Rc1 Nd7 14. Be3 Nc5
15. Nd5 Qd8 16. O-O a5 17. Rfd1 Bxd5 18. cxd5 Qb6 19. Rc2 Rfc8 20. Rdc1 Rc7 21.
Bf2 Rac8 22. Rc4 Qa7 23. R4c2 Qb6 24. g3 h5 25. Kg2 Qb4 26. Qd1 Qa3 27. Qd2 Qb4
28. Qxb4 axb4 29. Be1 Bh6 30. f4 g5 31. Kf3 gxf4 32. gxf4 e5 33. dxe6 fxe6 34.
Bxb4 Rf8 35. Rg1+ Kh7 36. f5 exf5 37. e5 Rd7 38. Bxc5 dxc5 39. Rxc5 Re8 40. Bc4
Rde7 41. e6 Rd8 42. Rxf5 Rf8 43. Rf7+ Rfxf7+ 44. exf7 Re3+ 45. Kg2 Re5 46. Rf1
Bf8 47. a4 Kg6 48. Rd1 Kg7 49. Rd7 b6 50. Rb7 Bc5 51. Rb8 Rg5+ 52. Kf3 Rf5+ 53.
Ke4 Rf2 54. h3 h4 55. Rc8 Be7 56. Rg8+ Kh6 57. Re8 Bb4 58. Re6+ Kg5 59. Rxb6
Rf4+ 60. Kd5 Bc3 61. Rb7 Rf5+ 62. Ke6 Rf6+ 63. Ke7 Be5 64. Rb5 Kf4 65. Rxe5 1-0

[Event "FIDE Open World Blitz 2021"]
[Site "Warsaw"]
[Date "2021.12.29"]
[Round "1.25"]
[White "Tazbir, Marcin"]
[Black "Abdusattorov, Nodirbek"]
[Result "0-1"]
[WhiteElo "2508"]
[BlackElo "2646"]
[Annotator "ChessBase"]
[PlyCount "118"]
[EventDate "2021.12.29"]
[EventType "swiss"]
[EventCountry "POL"]
[Tiebreak "Cut1 Buchholz"]
[SourceTitle "playchess.com"]
[Source "ChessBase"]
[SourceQuality "1"]

1. c4 Nf6 2. g3 e6 3. Bg2 d5 4. Nf3 d4 5. O-O Nc6 6. d3 Bc5 7. a3 a5 8. e4 e5
9. Nh4 O-O 10. h3 Be7 11. Nf5 Re8 12. Nxe7+ Qxe7 13. f4 exf4 14. gxf4 Nd7 15.
Nd2 Nc5 16. Qf3 a4 17. Rb1 b6 18. b4 axb3 19. Nxb3 Na4 20. e5 Bb7 21. Nxd4 Nxd4
22. Qxb7 Nc3 23. Be3 Reb8 24. Bxd4 Rxb7 25. Bxc3 c6 26. Bb4 Qd7 27. Bd6 Rd8 28.
d4 b5 29. c5 Ra7 30. Rb3 Ra6 31. d5 cxd5 32. Bxd5 g6 33. Rfb1 Qf5 34. c6 Qxf4
35. c7 Rc8 36. Bb7 Rxc7 37. Bxc7 Ra7 38. Rxb5 Qg3+ 39. Kh1 Qxh3+ 40. Kg1 Qg4+
41. Kh1 Qh3+ 42. Kg1 Qe3+ 43. Kh1 Kg7 44. Bd6 Ra4 45. Be7 Qh3+ 46. Kg1 Rg4+ 47.
Kf2 Qh2+ 48. Ke3 Qf4+ 49. Ke2 Qc4+ 50. Kf2 Qc2+ 51. Ke3 Rg3+ 52. Kf4 Qf2+ 53.
Ke4 Qf5+ 54. Kd5 Rd3+ 55. Kc4 Rh3 56. Bf6+ Kh6 57. Bd5 Qc2+ 58. Kd4 Qc3+ 59.
Ke4 Qe3# 0-1

[Event "FIDE Open World Blitz 2021"]
[Site "Warsaw"]
[Date "2021.12.29"]
[Round "1.25"]
[White "Kuzmicz, Krystian"]
[Black "Mastrovasilis, Dimitrios"]
[Result "0-1"]
[WhiteElo "2281"]
[BlackElo "2577"]
[Annotator "ChessBase"]
[PlyCount "84"]
[EventDate "2021.12.29"]
[EventType "swiss"]
[EventCountry "POL"]
[Tiebreak "Cut1 Buchholz"]
[SourceTitle "playchess.com"]
[Source "ChessBase"]
[SourceQuality "1"]

1. e4 c5 2. d3 Nc6 3. g3 g6 4. Bg2 Bg7 5. f4 e6 6. Nf3 Nge7 7. O-O O-O 8. c3 d5
9. Na3 Rb8 10. e5 b5 11. Nc2 d4 12. c4 bxc4 13. dxc4 Bb7 14. Qd3 Qb6 15. Ng5
Rfd8 16. Ne4 Nf5 17. g4 Ne3 18. Nxe3 dxe3 19. Qxe3 Nb4 20. Nf6+ Bxf6 21. exf6
Bxg2 22. Kxg2 Rd3 23. Qf2 Qc6+ 24. Kg1 Qe4 25. Re1 Qxc4 26. Be3 Nd5 27. Rac1
Qxa2 28. Rxc5 h6 29. Qh4 Qxb2 30. Qxh6 Qxf6 31. g5 Qg7 32. Qh3 Nxf4 33. Qf3 Nd5
34. Qe4 Rxe3 35. Rxe3 Nxe3 36. Qxe3 Qa1+ 37. Kg2 Qa2+ 38. Kh3 Rb3 39. Rc3 Rxc3
40. Qxc3 Qd5 41. Kh4 e5 42. Kg4 Qd4+ 0-1

[Event "FIDE Open World Blitz 2021"]
[Site "Warsaw"]
[Date "2021.12.29"]
[Round "1.26"]
[White "Mamedov, Rauf"]
[Black "Kantor, Gergely"]
[Result "1-0"]
[WhiteElo "2673"]
[BlackElo "2566"]
[Annotator "ChessBase"]
[PlyCount "115"]
[EventDate "2021.12.29"]
[EventType "swiss"]
[EventCountry "POL"]
[Tiebreak "Cut1 Buchholz"]
[SourceTitle "playchess.com"]
[Source "ChessBase"]
[SourceQuality "1"]

1. Nf3 d5 2. g3 g6 3. Bg2 Bg7 4. d3 e5 5. Nbd2 Nc6 6. e4 Nge7 7. exd5 Nxd5 8.
O-O O-O 9. a3 Re8 10. Re1 b6 11. Rb1 Bb7 12. Ne4 h6 13. c4 Nde7 14. b4 Nf5 15.
Bb2 Rb8 16. Qc2 Ncd4 17. Nxd4 Nxd4 18. Bxd4 Qxd4 19. Rbd1 f5 20. Nc3 Bxg2 21.
Kxg2 c6 22. Qb3 Kh7 23. b5 e4 24. Ne2 Qc5 25. d4 Qd6 26. bxc6 Qxc6 27. d5 Qc5
28. Nf4 Qd6 29. a4 Be5 30. Ne6 Bf6 31. a5 bxa5 32. Qa4 Qb4 33. Qc6 a4 34. Rb1
Qe7 35. Qxa4 g5 36. c5 Be5 37. Rxb8 Rxb8 38. Rxe4 fxe4 39. Qxe4+ Kg8 40. Qxe5
Re8 41. c6 Qf7 42. c7 a5 43. Qa1 g4 44. Qd1 Qf5 45. Nf4 Qe4+ 46. Kg1 Qf5 47. d6
Qd7 48. Qd5+ Kg7 49. Qd4+ Kg8 50. Qc4+ Kg7 51. Qc3+ Kf7 52. Nh5 Kg6 53. Nf6
Qxd6 54. Nxe8 Qd1+ 55. Kg2 Qd5+ 56. f3 gxf3+ 57. Kf2 Qe4 58. Qf6+ 1-0

[Event "FIDE Open World Blitz 2021"]
[Site "Warsaw"]
[Date "2021.12.29"]
[Round "1.26"]
[White "Mikhalevski, Victor"]
[Black "Lopusiewicz, Piotr"]
[Result "1-0"]
[WhiteElo "2577"]
[BlackElo "2279"]
[Annotator "ChessBase"]
[PlyCount "67"]
[EventDate "2021.12.29"]
[EventType "swiss"]
[EventCountry "POL"]
[Tiebreak "Cut1 Buchholz"]
[SourceTitle "playchess.com"]
[Source "ChessBase"]
[SourceQuality "1"]

1. Nf3 Nf6 2. g3 d5 3. Bg2 c5 4. O-O e6 5. c4 d4 6. e3 Nc6 7. d3 Nd7 8. Re1 Be7
9. exd4 cxd4 10. b3 Bb4 11. Re2 O-O 12. a3 Bd6 13. b4 e5 14. Nbd2 Bc7 15. c5
Re8 16. Nc4 a6 17. Qb3 h6 18. Bd2 Nf6 19. Rae1 Be6 20. Bc1 Nd5 21. Bb2 f6 22.
Bxd4 Nxd4 23. Nxd4 Bf7 24. Nf5 Qd7 25. Nfd6 Bxd6 26. Nxd6 Nf4 27. Nxf7 Nxe2+
28. Rxe2 Kf8 29. Nd6 Red8 30. Bxb7 Rab8 31. Bxa6 Ra8 32. Bb5 Qe7 33. Qd5 Ra7
34. Bc4 1-0

[Event "FIDE Open World Blitz 2021"]
[Site "Warsaw"]
[Date "2021.12.29"]
[Round "1.27"]
[White "Carlsson, Pontus"]
[Black "Niemann, Hans Moke"]
[Result "1-0"]
[WhiteElo "2457"]
[BlackElo "2635"]
[Annotator "ChessBase"]
[PlyCount "31"]
[EventDate "2021.12.29"]
[EventType "swiss"]
[EventCountry "POL"]
[Tiebreak "Cut1 Buchholz"]
[SourceTitle "playchess.com"]
[Source "ChessBase"]
[SourceQuality "1"]

1. e4 c5 2. Nf3 d6 3. Bb5+ Nd7 4. d4 cxd4 5. Qxd4 a6 6. Bxd7+ Bxd7 7. c4 Nf6 8.
Nc3 b5 9. e5 dxe5 10. Nxe5 bxc4 11. Qxc4 e6 12. Bg5 Qc8 13. Qh4 Be7 14. O-O Qc7
15. Rfe1 h6 16. Rad1 1-0

[Event "FIDE Open World Blitz 2021"]
[Site "Warsaw"]
[Date "2021.12.29"]
[Round "1.27"]
[White "Wieczorek, Oskar"]
[Black "Harsha, Bharathakoti"]
[Result "0-1"]
[WhiteElo "2258"]
[BlackElo "2576"]
[Annotator "ChessBase"]
[PlyCount "120"]
[EventDate "2021.12.29"]
[EventType "swiss"]
[EventCountry "POL"]
[Tiebreak "Cut1 Buchholz"]
[SourceTitle "playchess.com"]
[Source "ChessBase"]
[SourceQuality "1"]

1. e4 c5 2. Nf3 d6 3. d4 cxd4 4. Nxd4 Nf6 5. Nc3 a6 6. h4 e5 7. Nb3 Be6 8. f4
exf4 9. Bxf4 Nc6 10. Qd2 Rc8 11. O-O-O Ne5 12. Nd4 Qa5 13. a3 Be7 14. Nf5 Bxf5
15. exf5 O-O 16. Nd5 Qxd2+ 17. Rxd2 Nxd5 18. Rxd5 Rfe8 19. Be2 h6 20. g4 Nc4
21. g5 Bxg5 22. hxg5 Rxe2 23. gxh6 Rxc2+ 24. Kxc2 Ne3+ 25. Kd3 Nxd5 26. Bxd6
Rc6 27. h7+ Kh8 28. Be5 f6 29. Bd4 Ne7 30. Ke4 Rc8 31. b4 Re8 32. Bc5 Ng6+ 33.
Kd4 Ne5 34. Kd5 Nf7 35. Bb6 Re5+ 36. Kd4 Rxf5 37. Rc1 Kxh7 38. Rc7 Nd6 39. Kd3
Rf3+ 40. Ke2 Rxa3 41. Bc5 Ne4 42. Bf8 Ra2+ 43. Ke1 Kg6 44. Rxg7+ Kf5 45. Rxb7
Kf4 46. Bh6+ Kf3 47. Kd1 Rh2 48. Bf8 Ra2 49. Bh6 f5 50. Rf7 Kg4 51. Kc1 Ra4 52.
Rb7 Ra2 53. Rg7+ Kf3 54. Rf7 Kg4 55. Rg7+ Kh5 56. Bf4 Rf2 57. Be5 f4 58. Kd1 f3
59. Bf4 Re2 60. Re7 Nc3+ 0-1

[Event "FIDE Open World Blitz 2021"]
[Site "Warsaw"]
[Date "2021.12.29"]
[Round "1.28"]
[White "Sarana, Alexey"]
[Black "Janik, Igor"]
[Result "1-0"]
[WhiteElo "2656"]
[BlackElo "2508"]
[Annotator "ChessBase"]
[PlyCount "83"]
[EventDate "2021.12.29"]
[EventType "swiss"]
[EventCountry "POL"]
[Tiebreak "Cut1 Buchholz"]
[SourceTitle "playchess.com"]
[Source "ChessBase"]
[SourceQuality "1"]

1. d4 d6 2. e4 Nf6 3. Nc3 g6 4. f4 Bg7 5. Nf3 O-O 6. Bd3 Na6 7. O-O c5 8. d5
Bg4 9. h3 Bxf3 10. Rxf3 Nc7 11. a4 e6 12. dxe6 fxe6 13. Be3 Qe7 14. Nb5 Nxb5
15. axb5 d5 16. e5 Nd7 17. c4 Nb6 18. b3 Rfd8 19. Qe2 a6 20. bxa6 Rxa6 21. Rxa6
bxa6 22. cxd5 Nxd5 23. Bxa6 Nxe3 24. Qxe3 Rd4 25. Bc4 Bh6 26. Qf2 Kg7 27. h4
Qd7 28. Kh2 Kh8 29. Kh3 Qf7 30. g3 Qf5+ 31. Kh2 Bf8 32. Qa2 Qe4 33. Rf1 Qe3 34.
Qa8 Kg7 35. Qb7+ Kh6 36. Qf7 Bg7 37. Qe7 Bh8 38. Qg5+ Kg7 39. Qf6+ Kh6 40. Qxh8
Rd2+ 41. Kh3 Qe4 42. Qf8+ 1-0

[Event "FIDE Open World Blitz 2021"]
[Site "Warsaw"]
[Date "2021.12.29"]
[Round "1.28"]
[White "Gagunashvili, Merab"]
[Black "Aditya, Mittal"]
[Result "0-1"]
[WhiteElo "2575"]
[BlackElo "2245"]
[Annotator "ChessBase"]
[PlyCount "120"]
[EventDate "2021.12.29"]
[EventType "swiss"]
[EventCountry "POL"]
[Tiebreak "Cut1 Buchholz"]
[SourceTitle "playchess.com"]
[Source "ChessBase"]
[SourceQuality "1"]

1. d4 Nf6 2. c4 e6 3. Nc3 Bb4 4. Qc2 O-O 5. a3 Bxc3+ 6. Qxc3 b6 7. Bg5 Bb7 8.
f3 h6 9. Bh4 d5 10. e3 c5 11. dxc5 Nbd7 12. cxd5 g5 13. Bf2 Nxd5 14. Qd2 Nxc5
15. Bc4 Qf6 16. Nh3 Rfd8 17. Qe2 Na4 18. O-O Qxb2 19. Qxb2 Nxb2 20. Bxd5 Rxd5
21. e4 Rd3 22. Ra2 Nc4 23. a4 Rad8 24. Rc2 Rd1 25. Rc1 Rxf1+ 26. Kxf1 Ba6 27.
Kg1 Nb2 28. Ra1 Nxa4 29. Rxa4 Rd1+ 30. Be1 Rxe1+ 31. Kf2 Re2+ 32. Kg1 Bd3 33.
Rxa7 b5 34. Rb7 Rb2 35. g3 b4 36. Rd7 Be2 37. Rd8+ Kg7 38. Kf2 g4 39. Nf4 Bxf3+
40. Ke3 Rxh2 41. e5 b3 42. Rd7 Kf8 43. Rd8+ Ke7 44. Rb8 b2 45. Nd3 Re2+ 46. Kd4
Re4+ 47. Kc3 Be2 48. Nf4 Bf1 49. Rxb2 Rxe5 50. Kd4 Ra5 51. Rb7+ Kf6 52. Ke3 Bc4
53. Rc7 Bd5 54. Nh5+ Kg6 55. Nf4+ Kf6 56. Nh5+ Kg5 57. Nf4 Ra3+ 58. Kf2 f5 59.
Rg7+ Kf6 60. Rg6+ Ke5 0-1

[Event "FIDE Open World Blitz 2021"]
[Site "Warsaw"]
[Date "2021.12.29"]
[Round "1.29"]
[White "Yuffa, Daniil"]
[Black "Anton Guijarro, David"]
[Result "1/2-1/2"]
[WhiteElo "2567"]
[BlackElo "2669"]
[Annotator "ChessBase"]
[PlyCount "66"]
[EventDate "2021.12.29"]
[EventType "swiss"]
[EventCountry "POL"]
[Tiebreak "Cut1 Buchholz"]
[SourceTitle "playchess.com"]
[Source "ChessBase"]
[SourceQuality "1"]

1. d4 d5 2. c4 e6 3. Nf3 dxc4 4. e3 Nf6 5. Bxc4 c5 6. O-O cxd4 7. exd4 Be7 8.
Nc3 O-O 9. Qd3 a6 10. a3 b5 11. Ba2 Bb7 12. Rd1 Nbd7 13. Bg5 h6 14. Bh4 Nh5 15.
Bg3 Nxg3 16. hxg3 Nf6 17. Ne5 Bd6 18. Qe3 Qb6 19. Rac1 Bxe5 20. Qxe5 Rad8 21.
Qc5 Qd6 22. b4 Qb8 23. d5 exd5 24. Nxd5 Nxd5 25. Bxd5 Rc8 26. Qe3 Rxc1 27. Qxc1
Rd8 28. Bxb7 Rxd1+ 29. Qxd1 Qxb7 30. Qd8+ Kh7 31. Qd3+ Kg8 32. Qd8+ Kh7 33.
Qd3+ Kg8 1/2-1/2

[Event "FIDE Open World Blitz 2021"]
[Site "Warsaw"]
[Date "2021.12.29"]
[Round "1.29"]
[White "Tologontegin, Semetey"]
[Black "Halkias, Stelios"]
[Result "1/2-1/2"]
[WhiteElo "2224"]
[BlackElo "2575"]
[Annotator "ChessBase"]
[PlyCount "296"]
[EventDate "2021.12.29"]
[EventType "swiss"]
[EventCountry "POL"]
[Tiebreak "Cut1 Buchholz"]
[SourceTitle "playchess.com"]
[Source "ChessBase"]
[SourceQuality "1"]

1. d4 Nf6 2. c4 e6 3. Nc3 Bb4 4. e3 O-O 5. Nge2 d5 6. a3 Bd6 7. Ng3 c6 8. Bd2
e5 9. dxe5 Bxe5 10. cxd5 cxd5 11. Be2 Nc6 12. O-O Re8 13. Rc1 d4 14. exd4 Nxd4
15. Bc4 Bd7 16. Re1 Rc8 17. Nd5 Nxd5 18. Bxd5 Rxc1 19. Bxc1 Bb5 20. Bxb7 h6 21.
Be3 Bxg3 22. hxg3 Ne2+ 23. Kh2 Qc7 24. Bf3 Rxe3 25. Bxe2 Bxe2 26. Rxe2 Rxe2 27.
Qxe2 Qb6 28. b4 g6 29. Qe3 Qb7 30. Qxh6 Qa6 31. Qe3 Qb7 32. Qe8+ Kg7 33. Qe5+
Kg8 34. Qd4 a6 35. a4 Qc6 36. a5 Qc2 37. Qd8+ Kg7 38. Qd4+ Kg8 39. Qf4 Qb2 40.
g4 Qc3 41. f3 Qe1 42. g5 Kg7 43. Qd4+ Kg8 44. Qd8+ Kg7 45. Qf6+ Kg8 46. Qf4 Kg7
47. Qd4+ Kg8 48. Kh3 Qh1+ 49. Kg3 Qe1+ 50. Kg4 Qe6+ 51. Kh4 Qe1+ 52. g3 Qf1 53.
Qd8+ Kh7 54. Qf6 Kg8 55. Kg4 Qc4+ 56. Qf4 Qf1 57. Qd4 Qe2 58. Qe4 Qf1 59. Qe8+
Kg7 60. Qe5+ Kg8 61. Qe8+ Kg7 62. Qe4 Kg8 63. Qd4 Qe2 64. Kf4 Qf1 65. Qd8+ Kg7
66. Qf6+ Kg8 67. Qd8+ Kg7 68. Qd4+ Kg8 69. Qc3 Qe2 70. Qc8+ Kg7 71. Qc3+ Kh7
72. Qe3 Qc4+ 73. Qe4 Qc1+ 74. Kg4 Qf1 75. Kf4 Qc1+ 76. Kg4 Qf1 77. Qd4 Kg8 78.
Qc3 Qe2 79. Kf4 Qf1 80. Qc8+ Kg7 81. Qc3+ Kg8 82. Ke4 Qe2+ 83. Qe3 Qc4+ 84. Qd4
Qe2+ 85. Kf4 Qf1 86. g4 Qc1+ 87. Qe3 Qc4+ 88. Qe4 Qc1+ 89. Ke5 Qxg5+ 90. Kd6
Qb5 91. Qa8+ Kg7 92. Qe4 Kg8 93. Kc7 Kg7 94. Qd4+ Kg8 95. Kd6 Kh7 96. Ke7 Kg8
97. Qd8+ Kh7 98. Kxf7 Qc4+ 99. Kf6 Qf4+ 100. Ke6 Qe3+ 101. Kd7 Qd3+ 102. Kc8
Qxf3 103. Qd7+ Kh6 104. Kb8 Qe4 105. Ka7 Qxb4 106. Kxa6 Qc4+ 107. Kb6 Qb4+ 108.
Ka6 Qc4+ 109. Qb5 Qxg4 110. Kb7 Qe4+ 111. Kb8 Qf4+ 112. Kc8 Qf8+ 113. Kc7 Qe7+
114. Kb6 Qd6+ 115. Qc6 Qb4+ 116. Ka6 Qe7 117. Qh1+ Kg5 118. Qg1+ Kh5 119. Qh2+
Kg4 120. Qg2+ Kh5 121. Qf3+ Kh6 122. Qh3+ Kg5 123. Qg3+ Kh5 124. Qh2+ Kg5 125.
Qg1+ Kh5 126. Qd1+ Kh6 127. Qd2+ Kh5 128. Qd5+ Kh6 129. Kb6 Qb4+ 130. Qb5 Qd6+
131. Qc6 Qb4+ 132. Qb5 Qd6+ 133. Kb7 Qe7+ 134. Kc6 Qe8+ 135. Kc5 Qe5+ 136. Kc4
Qe2+ 137. Kb4 Qb2+ 138. Kc5 Qe5+ 139. Kb6 Qb8+ 140. Kc6 Qe8+ 141. Kc5 Qe5+ 142.
Kc4 Qe2+ 143. Kb4 Qb2+ 144. Ka4 Qa2+ 145. Kb4 Qb2+ 146. Kc5 Qe5+ 147. Kb6 Qb8+
148. Ka6 Qa8+ 1/2-1/2